| 000 | 01072cam a22003014a 4500 | ||
|---|---|---|---|
| 999 |
_c531865 _d531865 |
||
| 001 | 14167292 | ||
| 003 | NUST | ||
| 005 | 20191029162347.0 | ||
| 008 | 051114s2007 njua 001 0 eng | ||
| 010 | _a 2005057487 | ||
| 020 | _a0131701797 (alk. paper) | ||
| 035 | _a(OCoLC)ocm62342229 | ||
| 038 | _aMSOHAIL | ||
| 040 |
_aDLC _cDLC _dYDX _dBAKER _dDLC |
||
| 042 | _apcc | ||
| 050 | 0 | 0 |
_aTK454 _b.F56 2007b |
| 082 | 0 | 0 |
_a621.3192 _222 |
| 100 | 1 |
_aFloyd, Thomas L. _910192 |
|
| 245 | 1 | 0 |
_aPrinciples of electric circuits : _bconventional current version / _cThomas L. Floyd. |
| 250 | _a8th ed. | ||
| 260 |
_aUpper Saddle River, N.J. : _bPearson Prentice Hall, _cc2007. |
||
| 300 |
_axvii, 948 p. : _bill. ; _c29 cm + _e1 CD-ROM (4 3/4 in.). |
||
| 500 | _aIncludes index. | ||
| 650 | 0 |
_aElectric circuits. _910997 |
|
| 906 |
_a7 _bcbc _corignew _d1 _eocip _f20 _gy-gencatlg |
||
| 942 |
_2ddc _cBK |
||